| 000 | 00671cam a22001932 4500 | ||
|---|---|---|---|
| 001 | 0000025191 | ||
| 005 | 20151217160134.0 | ||
| 008 | 150224s xx 000 0 eng d | ||
| 020 | _a0134364198 : | ||
| 040 |
_aKABU _cKABU |
||
| 245 | 1 | 0 |
_aPrentice Hall literature : _btimeless voices, timeless themes / _cby Don Graham, ... [etal.]. |
| 250 | _aPenguin ed. | ||
| 260 |
_aUpper Saddle River : _bPearson Education, _c2000. |
||
| 300 | _a 1 vol. (various paging) ; | ||
| 650 | 0 |
_aAmerican literature _xstudy and teaching (secondary) _xproblems, exercises, etc. _@0000185422 |
|
| 908 | _a150224 | ||
| 950 | _@1 | ||
| 999 |
_c14751 _d14751 |
||